000
00333 a2200157 4500
001
159414
020
_a
040
_c
Magnum
100
_a
Dimensao
240
1
0
_a
Presenca pedagogica
_l
por
245
1
0
_a
Presenca pedagogica
362
0
_a
1899
440
1
_a
Dimensão
697
_a
MAGNITO: MAGNITO SEM ÁREA E AS
942
_c
BK
999
_c
159414
_d
159414